00290nam a2200109Ia 4500008004100000041000800041082002500049100001400074245005500088260002800143300000900171230519s9999 xx 000 0 und d aeng aAD/371.33/CLE/DB0200 aClement I aTextbook on Communication and Education Technology bEMMESSaBangalorec2010 a425p